MDQL
is popping MORE tags! Check the
thread
!
Quizzes
Events
Quiz Creation
Community
Videos
Private Events
Remove Ads
Sign In
Join for FREE
Feedback
Dark Mode
Quiz Categories
Sports
Geography
Music
Movies
Television
Just For Fun
Miscellaneous
History
Literature
Language
Science
Gaming
Entertainment
Religion
Holiday
For Kids
Quiz Lab
Recent
Popular Today
Quiz Kudos Today
Editor Picks
Curator Picks
Quizzes by...
Day
Popularity
Type
Ratings
Length
Year
Community
Subscriptions
Recent Discussions
Orange Saloon
Badges
Playlists
Quests
Create
Leaderboards
Showdown
Live 5
Trivia Bingo
Activity
Puzzle Library
Sporcle Events
Private Events
Virtual Trivia
Globe League
Become a Host
Pub Owners
SporcleCon
Opinionation
Our Games
Videos
Blog
Mobile Apps
Partnerships
Remove Ads and Go Orange
Feedback
Sports
Athletes
MLB
NBA
NHL
NFL
Soccer
Sports Teams
WWE
NCAA
Football
Premier League
Basketball
Baseball
Hockey
Golf
Tennis
Cricket
Rugby
Auto Racing
Olympics
World Cup
Sports
Athletes
MLB
NBA
NHL
NFL
Soccer
Sports Teams
WWE
NCAA
Football
Premier League
Basketball
Baseball
Hockey
Golf
Tennis
Cricket
Rugby
Auto Racing
Olympics
World Cup
Random Quiz
Search Sporcle
×
Quiz Lab
Quiz Lab
Sports
Baseball
Type in answers that appear in a list
Type in answers that appear in a list
Classic
Best Score? Go Orange.
New Team After 500th Home Run Stats
Can you name the player transactions in MLB history for players who have already achieved 500 home runs?
By
Juvo415
3m
15 Questions
780 Plays
780 Plays
780 Plays
Comments
Comments
Give Quiz Kudos
Give Quiz Kudos
-
- Ratings
hide this ad
Forced Order
Answers have to be entered in order
Answers have to be entered in order
Replay
Link that replays current quiz
Next Quiz
Link to next quiz in quiz playlist
You Got
0%
They Got
Avg Score
88%
Avg Friend Score
Upgrade to see
Score Distribution
Jump to the score distribution portion of the page
Score
0/15
Timer
03:00
0
Plays Today
Date of 500th
Player
% Correct
August 11, 1929
Babe Ruth
98.3%
June 20, 2004
Ken Griffey, Jr.
96%
September 16, 2007
Jim Thome
96%
September 13, 1965
Willie Mays
95.4%
May 31, 2008
Manny Ramírez
95.4%
July 14, 1968
Hank Aaron
94.7%
April 4, 2003
Sammy Sosa
94.7%
May 11, 2003
Rafael Palmeiro
92.4%
Date of 500th
Player
% Correct
August 10, 1971
Harmon Killebrew
91.4%
September 17, 1984
Reggie Jackson
86.4%
September 24, 1940
Jimmie Foxx
85.6%
September 13, 1971
Frank Robinson
84.9%
June 28, 2007
Frank Thomas
82.1%
September 6, 1996
Eddie Murray
80.6%
July 14, 1967
Eddie Mathews
57.4%
Quiz Playlist
Details
Report
Send in Message
Add To Playlist
Classic:
Type in answers that appear in a list
Forced Order:
Answers have to be entered in order
Last Updated: Feb 16, 2017
Quiz Scoreboard
CHALLENGE
Sign Up to Join the Scoreboard
Show All
Scores
Hide
Comments
May contain spoilers
Recently Published
Holiday 10x10 Sorting Gallery
by lukepisani3
Holiday
15m
Two Season TV Shows II
by 123Four
Television
10m
Image Sorting: Flags VI
by Barbecue
Geography
2m
More to Explore
Quiz From the Vault
Featured Blog Post
14 Easter Pick-up Lines to Find Eggs With
hide this ad
You Might Also Like...
Tags
Baseball Quiz
MLB Quiz
Hall of Fame
Home Runs
Today's Top Quizzes in Sports
Browse Sports
hide this ad
Today's Top Quizzes in Baseball
Browse Baseball
Top Contributed Quizzes in Sports
1
Les meilleurs buteurs des matchs entre le PSG et l’OM
2
Les entraîneurs de l'OM et du PSG au 21e siècle
3
2022 World Cup Stars
4
Les joueurs passés par le PSG et l'OM
5
Players with Multiple 50 Home Run Seasons
6
FIFA Club World Cup Champions
7
Top 10 NHL Goal Scorers of All Time
8
Les joueurs passés par le LOSC et le RC Lens
9
Criteria MLB: Left Handed Sluggers
10
2023 MLB Unique Player Accomplishments
Explore More
Trending Topics
Marvel
NBA
Harry Potter
Kpop
Crossword
Anime
Disney
WWE
Song
Soccer
The Office
Pokémon
NFL
Puzzle
Country
hide this ad
More By:
Juvo415
Quiz
Plays
Rating
Category
Featured
Created
Nickelodeon Show by Image
135,383
4.57
Television
Feb 1, 2012
'Per Capita' Quiz
112,336
4.10
Miscellaneous
Nov 21, 2010
Military by Numbers
110,739
4.69
Geography
Nov 7, 2011
Shakespeare or Fake-speare?
110,636
4.37
Literature
Jun 15, 2012
50 Opening Lines
107,297
4.52
Movies
Apr 16, 2012
Go to Creator's Profile
Score Distribution
Quiz Creator Spotlight
Juvo415
Follow
Send a Message
Quizzes Created
-
Created Quiz Play Count
-
More By This Creator
Popular Quizzes Today
1
Find the US States - No Outlines Minefield
2
Colored Red Africa Blitz
3
Find the 'City' Movie
4
The Countries of the World
5
Find the US States
6
5x2 Blitz: Bands
7
Find the Countries of Europe - No Outlines Minefield
8
US States
More Sports Quizzes
Premier League Player Resumes by Logo II
Curator's Pick
Trending Quizzes
Colored Red Europe Blitz I
Colored Red Europe Blitz II
Colored Red Africa Blitz II
Colored Red Europe Blitz III
Colored Red Africa Blitz III
Recently Updated
Odd Team Out - Big 4 Players
pecheneg
Quick Pick: 20 Twenties
pecheneg
March Madness Men's Triple Doubles
pecheneg
How Do You Spell That?
pecheneg
Godzilla Movies
pecheneg
Grab Bag: 4-10 Letters
pecheneg
2024 March Madness Bracket
pecheneg
Famous TV Couples
Peacemaker
Champions League XIs: Real Madrid
pecheneg
Largest US Cities 1790-2010
pecheneg
Trending Topics
Crossword
Kpop
Harry Potter
Anime
Marvel
Disney
NBA
The Office
Puzzle
Song
NFL
Soccer
Country
Pokémon
WWE
Your Account Isn't Verified!
In order to create a playlist on Sporcle, you need to verify the email address you used during registration. Go to your
Sporcle Settings
to finish the process.
Report this User
Report this user for behavior that violates our
Community Guidelines
.
Details:
Send Report
Go to the Sporcle.com Mobile Site →
Comments